000
00280nam a22001097a 4500
008
211026b ||||| |||| 00| 0 eng d
050
_a
369.4092
_b
1
245
_a
Aids To Scoutmastership
260
_a
New Delhi
_b
Director,The Bharat Scouts
_c
1984
300
_a
1
942
_2
ddc
_c
BK
999
_c
11851
_d
11851